Mesiac autorského čítania plný zvučných mien okrem čítačiek sa Košičania dozvedia v osobnom kontakte viac o slovenských, českých, poľských a ukrajinských autoroch-

Bibliographic Details
Main Author: Činčárová, Anna (Author)
Format: Article
Language:Slovak
PhysicalDescription:Fotogr.
ISSN:1339-7605
Subjects:
Online Access:http://www.kosicednes.sk/mesiac-autorskeho-citania-plny-zvucnych-mien/

MARC

LEADER 00000nab a2200000 a 4500
001 vtls011568809
003 SK-MaSNL
005 20260305000046.0
008 160721|20160707xo z||p 000 0 slo
038 |a KEVKJB 
040 |a KEVKJB  |b slo  |c KEVKJB  |e AACR2 
041 0 |a slo 
044 |a xo  |c SK 
080 |a 027.65  |2 2011 
100 1 |a Činčárová, Anna  |4 aut  |9 1087269 
245 1 0 |a Mesiac autorského čítania plný zvučných mien  |b okrem čítačiek sa Košičania dozvedia v osobnom kontakte viac o slovenských, českých, poľských a ukrajinských autoroch-  |c Anna Činčárová 
300 |b Fotogr. 
610 2 7 |a Knižnica pre mládež mesta Košice  |2 kevkjb  |9 32636 
611 2 7 |a Mesiac autorského čítania  |d (2016 :  |c Košice, Slovensko)  |2 kevkjb  |9 1424656 
650 0 7 |a čítanie  |2 kevkjb  |9 1654 
651 7 |a Košice (Slovensko)  |2 kevkjb  |9 18694 
773 0 |t košice:dnes  |g Roč. 3, č. 130 (7.7.2016), s. 10-11  |x 1339-7605 
852 |a KEVKJB  |b KIS3GCP 
856 4 1 |u http://www.kosicednes.sk/mesiac-autorskeho-citania-plny-zvucnych-mien/ 
958 |a KL 
999 |c 3211980  |d 3213910